[Event "RAPID Gran Prix 2016"]
[Site "Khanty-Mansiysk"]
[Date "2016.12.03"]
[Round "12.4"]
[White "Smirnov, Pavel"]
[Black "Sukhareva, Evgeniya"]
[Result "1-0"]
[LiveChessVersion "1.4.4"]
[BlackElo "2306"]
[WhiteElo "2589"]

1. d4 {[%clk 0:15:14]} d5 {[%clk 0:15:20]} 2. c4 e6 3. Nf3 {[%clk 0:15:25]} Nf6
{[%clk 0:15:37]} 4. Nc3 {[%clk 0:15:17]} c5 {[%clk 0:15:43]} 5. cxd5
{[%clk 0:15:24]} Nxd5 {[%clk 0:15:51]} 6. e4 {[%clk 0:15:21]} Nxc3
{[%clk 0:16:00]} 7. bxc3 {[%clk 0:15:40]} cxd4 {[%clk 0:16:09]} 8. cxd4
{[%clk 0:15:48]} Bb4+ {[%clk 0:16:18]} 9. Bd2 {[%clk 0:15:57]} Bxd2+
{[%clk 0:16:27]} 10. Qxd2 {[%clk 0:16:05]} O-O {[%clk 0:16:36]} 11. Rc1
{[%clk 0:15:59]} b6 {[%clk 0:16:45]} 12. Bd3 {[%clk 0:15:55]} Bb7
{[%clk 0:16:54]} 13. O-O {[%clk 0:16:02]} Nd7 {[%clk 0:17:04]} 14. Qe3
{[%clk 0:16:08]} Rc8 {[%clk 0:17:01]} 15. e5 {[%clk 0:16:08]} h6 {[%clk 0:16:10]}
16. Nd2 {[%clk 0:16:06]} Qg5 {[%clk 0:13:24]} 17. Ne4 {[%clk 0:13:48]} Bxe4
{[%clk 0:04:22]} 18. Bxe4 {[%clk 0:13:33]} Qe7 {[%clk 0:03:46]} 19. f4
{[%clk 0:13:14]} g6 {[%clk 0:03:49]} 20. h3 {[%clk 0:11:50]} h5 {[%clk 0:03:42]}
21. Kh2 {[%clk 0:11:52]} Rfd8 {[%clk 0:03:30]} 22. Rcd1 {[%clk 0:08:08]} Nf8
{[%clk 0:03:06]} 23. d5 {[%clk 0:08:16]} exd5 {[%clk 0:03:13]} 24. Bxd5
{[%clk 0:08:21]} Re8 {[%clk 0:00:56]} 25. Rde1 {[%clk 0:07:13]} Qc5
{[%clk 0:00:56]} 26. Qf3 {[%clk 0:07:17]} Red8 {[%clk 0:00:44]} 27. Bb3
{[%clk 0:07:12]} Qc3 {[%clk 0:00:40]} 28. Re3 {[%clk 0:07:15]} Qc6
{[%clk 0:00:46]} 29. Qg3 {[%clk 0:07:08]} Qb5 {[%clk 0:00:47]} 30. Rfe1
{[%clk 0:06:27]} Kg7 {[%clk 0:00:16]} 31. f5 {[%clk 0:06:27]} Rd2
{[%clk 0:00:16]} 32. Rf3 {[%clk 0:05:42]} Qc6 {[%clk 0:00:12]} 33. fxg6
{[%clk 0:04:32]} fxg6 {[%clk 0:00:15]} 34. e6 {[%clk 0:04:38]} Qc7
{[%clk 0:00:15]} 35. Qxc7+ {[%clk 0:04:33]} Rxc7 {[%clk 0:00:20]} 36. e7
{[%clk 0:04:38]} 1-0

[Event "RAPID Gran Prix 2016"]
[Site "Khanty-Mansiysk"]
[Date "2016.12.03"]
[Round "12.7"]
[White "Maletin, Pavel"]
[Black "Alekseev, Evgeny"]
[Result "1-0"]
[LiveChessVersion "1.4.4"]
[BlackElo "2652"]
[WhiteElo "2625"]

1. Nf3 {[%clk 0:14:03]} c5 {[%clk 0:15:07]} 2. c4 {[%clk 0:14:11]} Nc6
{[%clk 0:15:07]} 3. Nc3 {[%clk 0:14:18]} g6 {[%clk 0:15:05]} 4. e3
{[%clk 0:14:25]} Nf6 {[%clk 0:15:11]} 5. d4 {[%clk 0:14:33]} cxd4
{[%clk 0:15:17]} 6. exd4 {[%clk 0:14:41]} d5 {[%clk 0:15:24]} 7. cxd5
{[%clk 0:14:48]} Nxd5 {[%clk 0:15:32]} 8. Qb3 {[%clk 0:14:57]} e6
{[%clk 0:15:37]} 9. Bb5 {[%clk 0:15:04]} Bg7 {[%clk 0:15:42]} 10. O-O
{[%clk 0:15:10]} O-O {[%clk 0:15:48]} 11. Bxc6 {[%clk 0:15:18]} bxc6
{[%clk 0:15:54]} 12. Na4 {[%clk 0:15:24]} Qd6 {[%clk 0:15:56]} 13. Re1
{[%clk 0:15:25]} Rb8 {[%clk 0:15:34]} 14. Qc2 {[%clk 0:15:27]} Nb4
{[%clk 0:14:40]} 15. Qc3 {[%clk 0:15:25]} Nd5 {[%clk 0:11:50]} 16. Qc2
{[%clk 0:15:29]} Nb4 {[%clk 0:11:53]} 17. Qc3 {[%clk 0:15:27]} Nd5
{[%clk 0:11:58]} 18. Qd2 {[%clk 0:15:30]} Re8 {[%clk 0:10:42]} 19. b3
{[%clk 0:15:35]} f6 {[%clk 0:08:59]} 20. Bb2 {[%clk 0:15:30]} g5 {[%clk 0:09:06]}
21. h3 {[%clk 0:14:23]} h5 {[%clk 0:08:13]} 22. g3 {[%clk 0:13:43]} h4
{[%clk 0:06:46]} 23. Kg2 {[%clk 0:12:25]} Rb7 {[%clk 0:03:20]} 24. Nc5
{[%clk 0:12:26]} Rf7 {[%clk 0:03:25]} 25. Rac1 {[%clk 0:12:22]} Bf8
{[%clk 0:03:19]} 26. Re4 {[%clk 0:11:01]} Rh7 {[%clk 0:02:43]} 27. b4
{[%clk 0:09:04]} Qb8 {[%clk 0:02:32]} 28. a3 {[%clk 0:08:42]} hxg3
{[%clk 0:02:34]} 29. fxg3 {[%clk 0:08:51]} e5 {[%clk 0:02:37]} 30. dxe5
{[%clk 0:08:00]} Bxh3+ {[%clk 0:02:45]} 31. Kg1 {[%clk 0:07:51]} Bf5
{[%clk 0:02:24]} 32. Ree1 {[%clk 0:07:41]} Qc7 {[%clk 0:00:53]} 33. Qf2
{[%clk 0:07:30]} Rh3 {[%clk 0:00:31]} 34. Nxg5 {[%clk 0:07:09]} Rh5
{[%clk 0:00:33]} 35. Qxf5 {[%clk 0:05:37]} Rxg5 {[%clk 0:00:42]} 36. Qf3
{[%clk 0:05:46]} Bxc5+ {[%clk 0:00:39]} 37. Rxc5 {[%clk 0:05:29]} Qg7
{[%clk 0:00:48]} 38. Kg2 {[%clk 0:04:33]} fxe5 {[%clk 0:00:17]} 39. Rxc6
{[%clk 0:04:35]} e4 {[%clk 0:00:25]} 40. Qb3 {[%clk 0:04:31]} Qf7
{[%clk 0:00:34]} 41. Re3 {[%clk 0:01:27]} Rf5 {[%clk 0:00:14]} 42. Rh6
{[%clk 0:01:05]} Rf2+ {[%clk 0:00:19]} 43. Kh3 {[%clk 0:01:14]} Qf5+
{[%clk 0:00:16]} 44. g4 {[%clk 0:01:09]} Rh2+ {[%clk 0:00:11]} 45. Kxh2
{[%clk 0:01:12]} Qf2+ {[%clk 0:00:18]} 46. Kh3 {[%clk 0:01:03]} Qxe3+
{[%clk 0:00:15]} 47. Qxe3 {[%clk 0:01:10]} Nxe3 {[%clk 0:00:25]} 48. Rh8+
{[%clk 0:00:49]} Kf7 {[%clk 0:00:34]} 49. Rxe8 {[%clk 0:00:57]} Kxe8
{[%clk 0:00:43]} 50. Bd4 {[%clk 0:01:05]} Nc2 {[%clk 0:00:48]} 51. Bxa7
{[%clk 0:00:43]} e3 {[%clk 0:00:38]} 52. Bxe3 {[%clk 0:00:51]} Nxe3
{[%clk 0:00:47]} 53. a4 {[%clk 0:00:59]} Nd5 {[%clk 0:00:35]} 54. b5
{[%clk 0:01:07]} Kd7 {[%clk 0:00:39]} 55. g5 {[%clk 0:01:09]} Nc3
{[%clk 0:00:44]} 56. g6 {[%clk 0:01:14]} 1-0

[Event "RAPID Gran Prix 2016"]
[Site "Khanty-Mansiysk"]
[Date "2016.12.03"]
[Round "12.8"]
[White "Lysyj, Igor"]
[Black "Volkov, Sergey"]
[Result "1/2-1/2"]
[LiveChessVersion "1.4.4"]
[BlackElo "2626"]
[WhiteElo "2625"]

1. d4 {[%clk 0:15:18]} d5 {[%clk 0:15:18]} 2. c4 {[%clk 0:15:27]} c6
{[%clk 0:15:26]} 3. Nf3 {[%clk 0:15:35]} Nf6 {[%clk 0:15:33]} 4. e3
{[%clk 0:15:43]} Bf5 {[%clk 0:15:41]} 5. Nc3 {[%clk 0:15:52]} e6 {[%clk 0:15:49]}
6. Nh4 {[%clk 0:16:00]} Bg6 {[%clk 0:15:56]} 7. Nxg6 {[%clk 0:16:08]} hxg6
{[%clk 0:16:03]} 8. g3 {[%clk 0:16:16]} Nbd7 {[%clk 0:16:01]} 9. cxd5
{[%clk 0:16:24]} cxd5 {[%clk 0:15:53]} 10. Bg2 {[%clk 0:16:31]} Be7
{[%clk 0:15:38]} 11. O-O {[%clk 0:16:37]} O-O {[%clk 0:15:43]} 12. Qd3
{[%clk 0:16:43]} Nb6 {[%clk 0:14:25]} 13. b3 {[%clk 0:16:14]} Qd7
{[%clk 0:14:25]} 14. Bb2 {[%clk 0:15:58]} Rfc8 {[%clk 0:14:10]} 15. Rfc1
{[%clk 0:16:02]} Rc6 {[%clk 0:13:56]} 16. Rc2 {[%clk 0:14:33]} Rac8
{[%clk 0:13:54]} 17. Rac1 {[%clk 0:14:41]} a6 {[%clk 0:13:31]} 18. Ne2
{[%clk 0:13:06]} Rxc2 {[%clk 0:13:23]} 19. Rxc2 {[%clk 0:13:14]} Rxc2
{[%clk 0:13:26]} 20. Qxc2 {[%clk 0:13:22]} Qc8 {[%clk 0:13:31]} 21. Qxc8+
{[%clk 0:13:26]} Nxc8 {[%clk 0:13:38]} 22. Nf4 {[%clk 0:13:27]} Kf8
{[%clk 0:13:13]} 23. Nd3 {[%clk 0:13:28]} Nd7 {[%clk 0:13:16]} 24. e4
{[%clk 0:12:55]} dxe4 {[%clk 0:13:05]} 25. Bxe4 {[%clk 0:13:04]} Nd6
{[%clk 0:13:12]} 26. Bg2 {[%clk 0:12:58]} b6 {[%clk 0:12:03]} 27. d5
{[%clk 0:12:09]} exd5 {[%clk 0:12:07]} 28. Bxd5 {[%clk 0:12:10]} a5
{[%clk 0:12:07]} 29. a4 {[%clk 0:09:22]} Nf6 {[%clk 0:10:20]} 30. Bc6
{[%clk 0:09:08]} Nde4 {[%clk 0:10:17]} 31. Bd4 {[%clk 0:08:14]} Nc5
{[%clk 0:10:15]} 32. Ne5 {[%clk 0:07:48]} Bd8 {[%clk 0:09:40]} 33. Bxc5+
{[%clk 0:06:08]} bxc5 {[%clk 0:09:47]} 34. Nd3 {[%clk 0:05:07]} Bb6
{[%clk 0:08:20]} 35. Bb5 {[%clk 0:04:28]} g5 {[%clk 0:07:21]} 36. Kg2
{[%clk 0:04:10]} Ke7 {[%clk 0:07:13]} 37. Bc4 {[%clk 0:04:17]} Nd7
{[%clk 0:06:54]} 38. Kf3 {[%clk 0:03:31]} f5 {[%clk 0:06:56]} 39. Bb5
{[%clk 0:02:51]} Nf6 {[%clk 0:06:59]} 40. h3 {[%clk 0:02:36]} Ne4
{[%clk 0:06:35]} 41. Bc4 {[%clk 0:02:37]} Kf6 {[%clk 0:06:14]} 42. g4
{[%clk 0:02:37]} g6 {[%clk 0:06:21]} 43. Ke3 {[%clk 0:02:25]} Nd6
{[%clk 0:06:09]} 44. f3 {[%clk 0:02:30]} Nf7 {[%clk 0:05:46]} 45. f4
{[%clk 0:02:14]} Nd6 {[%clk 0:05:41]} 46. Kf3 {[%clk 0:01:55]} Ba7
{[%clk 0:05:24]} 47. Bd5 {[%clk 0:01:27]} gxf4 {[%clk 0:05:17]} 48. Kxf4
{[%clk 0:01:26]} g5+ {[%clk 0:05:11]} 49. Kf3 {[%clk 0:01:33]} Bb6
{[%clk 0:05:10]} 50. Bc4 {[%clk 0:01:05]} Ba7 {[%clk 0:05:17]} 51. Ba6
{[%clk 0:00:33]} Bb6 {[%clk 0:05:20]} 52. Bc4 {[%clk 0:00:29]} Ke5 1/2-1/2

[Event "RAPID Gran Prix 2016"]
[Site "Khanty-Mansiysk"]
[Date "2016.12.03"]
[Round "13.1"]
[White "Volkov, Sergey"]
[Black "Anikonov, Dmitry"]
[Result "1-0"]
[LiveChessVersion "1.4.4"]
[BlackElo "2451"]
[WhiteElo "2626"]

1. d4 {[%clk 0:15:16]} d6 {[%clk 0:15:18]} 2. c4 {[%clk 0:15:23]} e5
{[%clk 0:15:26]} 3. Nf3 {[%clk 0:15:30]} e4 {[%clk 0:15:32]} 4. Ng5
{[%clk 0:15:38]} f5 {[%clk 0:15:41]} 5. Nc3 {[%clk 0:15:40]} Be7 {[%clk 0:15:50]}
6. Nh3 {[%clk 0:15:48]} Nf6 {[%clk 0:15:54]} 7. Bg5 {[%clk 0:15:50]} O-O
{[%clk 0:15:11]} 8. e3 {[%clk 0:15:56]} c6 {[%clk 0:14:44]} 9. Nf4
{[%clk 0:15:29]} Na6 {[%clk 0:13:55]} 10. Be2 {[%clk 0:15:24]} Nc7
{[%clk 0:13:51]} 11. Qb3 {[%clk 0:15:29]} Rb8 {[%clk 0:12:29]} 12. d5
{[%clk 0:14:48]} c5 {[%clk 0:12:24]} 13. h4 {[%clk 0:14:35]} h6 {[%clk 0:11:16]}
14. Bxf6 {[%clk 0:14:25]} Bxf6 {[%clk 0:11:24]} 15. h5 {[%clk 0:14:29]} Bd7
{[%clk 0:11:23]} 16. g3 {[%clk 0:13:26]} b6 {[%clk 0:11:27]} 17. Nb5
{[%clk 0:13:04]} Nxb5 {[%clk 0:10:03]} 18. cxb5 {[%clk 0:13:11]} Re8
{[%clk 0:10:09]} 19. a4 {[%clk 0:12:43]} Qc7 {[%clk 0:08:36]} 20. Bc4
{[%clk 0:12:37]} Kh7 {[%clk 0:08:41]} 21. Qc2 {[%clk 0:12:03]} Bc8
{[%clk 0:08:13]} 22. Rd1 {[%clk 0:11:35]} Be5 {[%clk 0:06:14]} 23. Ne6
{[%clk 0:11:03]} Qe7 {[%clk 0:05:20]} 24. g4 {[%clk 0:10:58]} Qf6
{[%clk 0:04:39]} 25. f4 {[%clk 0:09:51]} exf3 {[%clk 0:04:03]} 26. Qxf5+
{[%clk 0:09:57]} Qxf5 {[%clk 0:04:02]} 27. gxf5 {[%clk 0:10:05]} Bxb2
{[%clk 0:03:00]} 28. Kf2 {[%clk 0:10:03]} Re7 {[%clk 0:03:09]} 29. Kxf3
{[%clk 0:10:10]} Bd7 {[%clk 0:03:19]} 30. Rh2 {[%clk 0:09:11]} Be5
{[%clk 0:03:27]} 31. Ra2 {[%clk 0:09:13]} Be8 {[%clk 0:02:24]} 32. Kg4
{[%clk 0:09:20]} Bc3 {[%clk 0:02:12]} 33. Rc1 {[%clk 0:09:17]} Be5 34. Rcc2
{[%clk 0:08:56]} Bf7 {[%clk 0:01:29]} 35. Ra3 {[%clk 0:08:53]} Reb7
{[%clk 0:00:50]} 36. Rca2 {[%clk 0:08:51]} Be8 {[%clk 0:00:56]} 37. Rb3
{[%clk 0:07:23]} Kg8 {[%clk 0:00:37]} 38. a5 {[%clk 0:07:04]} bxa5
{[%clk 0:00:42]} 39. Rxa5 {[%clk 0:07:11]} Bd7 {[%clk 0:00:36]} 40. e4
{[%clk 0:06:59]} Be8 {[%clk 0:00:45]} 41. Be2 {[%clk 0:06:10]} Bd7
{[%clk 0:00:32]} 42. Kf3 {[%clk 0:06:03]} a6 {[%clk 0:00:22]} 43. Rxa6
{[%clk 0:05:23]} Bxb5 {[%clk 0:00:31]} 44. Rxb5 {[%clk 0:05:05]} Rxb5
{[%clk 0:00:40]} 45. Bxb5 {[%clk 0:05:12]} Rxb5 {[%clk 0:00:39]} 46. f6 Rb3+ 47.
Kg4 {[%clk 0:01:58]} Rg3+ {[%clk 0:00:47]} 48. Kh4 {[%clk 0:02:06]} gxf6
{[%clk 0:00:49]} 49. Ra8+ {[%clk 0:02:06]} Kf7 {[%clk 0:00:44]} 50. Ra7+
{[%clk 0:01:56]} Kg8 {[%clk 0:00:52]} 51. Ra8+ {[%clk 0:01:49]} Kf7 52. Rf8+ Ke7
{[%clk 0:01:10]} 53. Rh8 {[%clk 0:01:31]} c4 {[%clk 0:00:42]} 54. Rxh6
{[%clk 0:01:22]} Kf7 {[%clk 0:00:26]} 55. Rh7+ {[%clk 0:01:21]} Kg8
{[%clk 0:00:35]} 56. Rc7 {[%clk 0:01:28]} c3 {[%clk 0:00:44]} 57. h6
{[%clk 0:01:32]} Rg1 {[%clk 0:00:28]} 58. h7+ {[%clk 0:01:22]} Kh8
{[%clk 0:00:37]} 59. Nf8 Rg7 {[%clk 0:00:15]} 60. Rc8 {[%clk 0:01:33]} Rf7 61.
Kg4 {[%clk 0:01:13]} Kg7 {[%clk 0:00:19]} 62. Kf5 c2 {[%clk 0:00:19]} 63. Ne6+
{[%clk 0:01:04]} Kxh7 {[%clk 0:00:28]} 64. Rxc2 Ra7 {[%clk 0:00:33]} 65. Rc7+
{[%clk 0:01:15]} Rxc7 {[%clk 0:00:41]} 66. Nxc7 {[%clk 0:01:23]} Kg7
{[%clk 0:00:38]} 67. Ke6 Kg6 {[%clk 0:00:33]} 68. Ne8 {[%clk 0:01:38]} Kg5
{[%clk 0:00:36]} 69. Nxd6 {[%clk 0:01:44]} Kf4 {[%clk 0:00:51]} 70. Nc4
{[%clk 0:01:36]} Bb8 71. d6 Kxe4 {[%clk 0:00:52]} 72. d7 {[%clk 0:01:11]} Bc7
{[%clk 0:01:02]} 73. Nd6+ {[%clk 0:01:15]} Kf4 {[%clk 0:01:05]} 74. Kxf6
{[%clk 0:01:23]} Bd8+ {[%clk 0:01:02]} 75. Ke6 {[%clk 0:01:29]} Kg4
{[%clk 0:00:51]} 76. Nb7 {[%clk 0:01:25]} Bg5 {[%clk 0:00:42]} 77. Na5
{[%clk 0:01:32]} Bd8 {[%clk 0:00:43]} 78. Nc6 {[%clk 0:01:14]} Bc7
{[%clk 0:00:52]} 79. Ne7 {[%clk 0:00:57]} Kh3 80. Ng6 {[%clk 0:00:34]} Bd8
{[%clk 0:00:19]} 81. Kf5 {[%clk 0:00:41]} Bc7 {[%clk 0:00:25]} 82. Nf4+
{[%clk 0:00:32]} Kh4 83. Ne6 Ba5 84. Nd4 {[%clk 0:00:21]} Bc7 {[%clk 0:00:35]}
85. Nc6 {[%clk 0:00:22]} Bb6 {[%clk 0:00:35]} 86. Kf6 {[%clk 0:00:23]} Bc7
{[%clk 0:00:30]} 87. Nd4 {[%clk 0:00:20]} Kh3 {[%clk 0:00:33]} 88. Kf5 Bb6
{[%clk 0:00:37]} 89. Ne6 {[%clk 0:00:27]} Ba5 {[%clk 0:00:40]} 90. Ke4 Kg4
{[%clk 0:00:43]} 91. Ke5 {[%clk 0:00:39]} Bc3+ {[%clk 0:00:46]} 92. Nd4
{[%clk 0:00:31]} Ba5 93. Kd6 {[%clk 0:00:16]} Bb4+ {[%clk 0:00:53]} 94. Kd5
{[%clk 0:00:18]} Ba5 {[%clk 0:01:01]} 95. Nc6 {[%clk 0:00:17]} Bc7 96. Ke6
{[%clk 0:00:23]} Kh4 {[%clk 0:00:31]} 97. Ne7 Ba5 {[%clk 0:00:31]} 98. Nf5+
{[%clk 0:00:22]} Kg4 {[%clk 0:00:37]} 99. Nd6 {[%clk 0:00:30]} Bc7
{[%clk 0:00:38]} 100. Nc4 {[%clk 0:00:29]} Bd8 {[%clk 0:00:39]} 101. Nd6
{[%clk 0:00:37]} Bc7 {[%clk 0:00:47]} 102. Ke7 {[%clk 0:00:46]} Ba5
{[%clk 0:00:45]} 103. Nc4 {[%clk 0:00:42]} Bc7 {[%clk 0:00:51]} 104. Ke6
{[%clk 0:00:45]} Bd8 {[%clk 0:00:57]} 105. Ne3+ {[%clk 0:00:48]} Kf3
{[%clk 0:01:01]} 106. Nf5 {[%clk 0:00:53]} Kg4 {[%clk 0:01:05]} 107. Ng7
{[%clk 0:00:57]} Bc7 {[%clk 0:01:09]} 108. Kd5 {[%clk 0:01:04]} Ba5
{[%clk 0:01:01]} 109. Kd6 {[%clk 0:01:05]} Bb4+ {[%clk 0:01:10]} 110. Ke6
{[%clk 0:01:09]} Ba5 {[%clk 0:01:19]} 111. Kd5 {[%clk 0:01:05]} Kg5
{[%clk 0:00:56]} 112. Ke6 {[%clk 0:01:12]} Kg4 {[%clk 0:01:05]} 113. Ne8 Bd8
{[%clk 0:01:06]} 114. Nd6 {[%clk 0:01:23]} Bc7 {[%clk 0:01:12]} 115. Nb7
{[%clk 0:01:28]} Bb6 {[%clk 0:00:47]} 116. Kd6 {[%clk 0:01:15]} Kf5
{[%clk 0:00:37]} 117. Kc6 {[%clk 0:01:24]} Ke6 {[%clk 0:00:45]} 118. Nc5+
{[%clk 0:01:32]} 1-0

[Event "RAPID Gran Prix 2016"]
[Site "Khanty-Mansiysk"]
[Date "2016.12.03"]
[Round "13.2"]
[White "Alekseev, Evgeny"]
[Black "Lysyj, Igor"]
[Result "1/2-1/2"]
[LiveChessVersion "1.4.4"]
[BlackElo "2625"]
[WhiteElo "2652"]

1. d4 {[%clk 0:15:17]} Nf6 {[%clk 0:15:19]} 2. Nf3 {[%clk 0:15:24]} d5
{[%clk 0:15:27]} 3. c4 {[%clk 0:15:26]} e6 {[%clk 0:15:36]} 4. e3
{[%clk 0:15:28]} Be7 {[%clk 0:15:40]} 5. b3 {[%clk 0:12:45]} O-O {[%clk 0:15:42]}
6. Bd3 {[%clk 0:12:47]} c5 {[%clk 0:15:40]} 7. O-O {[%clk 0:12:42]} cxd4
{[%clk 0:15:26]} 8. exd4 {[%clk 0:12:49]} Nc6 {[%clk 0:15:22]} 9. Bb2
{[%clk 0:12:52]} b6 {[%clk 0:15:30]} 10. Nbd2 {[%clk 0:12:54]} Bb7
{[%clk 0:15:38]} 11. Rc1 {[%clk 0:12:51]} Rc8 {[%clk 0:15:29]} 12. Qe2
{[%clk 0:12:33]} Bd6 {[%clk 0:15:34]} 13. Ne5 {[%clk 0:10:58]} Qe7
{[%clk 0:14:30]} 14. Ndf3 {[%clk 0:10:57]} Ne4 {[%clk 0:13:06]} 15. Nxc6
{[%clk 0:09:20]} Bxc6 {[%clk 0:13:00]} 1/2-1/2

[Event "RAPID Gran Prix 2016"]
[Site "Khanty-Mansiysk"]
[Date "2016.12.03"]
[Round "13.3"]
[White "Demidov, Mikhail"]
[Black "Maletin, Pavel"]
[Result "1-0"]
[LiveChessVersion "1.4.4"]
[BlackElo "2625"]
[WhiteElo "2514"]

1. c4 {[%clk 0:15:16]} c5 {[%clk 0:15:08]} 2. Nc3 {[%clk 0:15:03]} g6
{[%clk 0:14:59]} 3. g3 {[%clk 0:14:56]} Bg7 {[%clk 0:15:07]} 4. Bg2
{[%clk 0:15:05]} Nc6 {[%clk 0:15:14]} 5. e3 {[%clk 0:15:09]} e5 {[%clk 0:15:17]}
6. Nge2 {[%clk 0:15:15]} Nge7 {[%clk 0:15:04]} 7. O-O {[%clk 0:14:46]} O-O
{[%clk 0:14:55]} 8. d3 {[%clk 0:14:50]} d6 {[%clk 0:15:00]} 9. a3
{[%clk 0:14:52]} a5 {[%clk 0:14:33]} 10. Nd5 {[%clk 0:14:53]} Nxd5
{[%clk 0:12:34]} 11. cxd5 {[%clk 0:14:54]} Nb8 {[%clk 0:12:38]} 12. f4
{[%clk 0:14:06]} exf4 {[%clk 0:11:28]} 13. gxf4 {[%clk 0:14:13]} b5
{[%clk 0:11:34]} 14. Ng3 {[%clk 0:12:13]} Nd7 {[%clk 0:10:41]} 15. e4
{[%clk 0:11:47]} Qh4 {[%clk 0:09:38]} 16. Qe1 {[%clk 0:10:45]} Nf6
{[%clk 0:08:37]} 17. Nf5 {[%clk 0:09:17]} Qxe1 {[%clk 0:08:37]} 18. Ne7+
{[%clk 0:09:26]} Kh8 {[%clk 0:08:46]} 19. Rxe1 {[%clk 0:09:35]} Re8
{[%clk 0:08:45]} 20. Nxc8 {[%clk 0:09:35]} Raxc8 {[%clk 0:08:50]} 21. Bd2
{[%clk 0:09:12]} Nh5 {[%clk 0:07:38]} 22. Rab1 {[%clk 0:08:50]} Bd4+
{[%clk 0:07:23]} 23. Kf1 {[%clk 0:07:54]} b4 {[%clk 0:05:52]} 24. Bf3
{[%clk 0:06:51]} Nf6 {[%clk 0:05:40]} 25. Rec1 {[%clk 0:06:48]} h5
{[%clk 0:05:26]} 26. Rc4 {[%clk 0:06:35]} Rb8 {[%clk 0:05:13]} 27. a4
{[%clk 0:06:08]} Kg7 {[%clk 0:05:00]} 28. h3 {[%clk 0:05:46]} Nd7
{[%clk 0:05:06]} 29. b3 {[%clk 0:05:54]} f5 {[%clk 0:04:21]} 30. Rbc1
{[%clk 0:02:08]} Rbc8 {[%clk 0:04:11]} 31. Re1 {[%clk 0:01:32]} Nb6
{[%clk 0:03:45]} 32. Rc2 {[%clk 0:01:39]} fxe4 {[%clk 0:03:36]} 33. Bxe4
{[%clk 0:01:45]} Nd7 {[%clk 0:03:23]} 34. Bc1 {[%clk 0:01:47]} Nf6
{[%clk 0:02:15]} 35. Bf3 {[%clk 0:01:38]} Rxe1+ {[%clk 0:01:22]} 36. Kxe1
{[%clk 0:01:47]} Re8+ {[%clk 0:00:51]} 37. Re2 {[%clk 0:01:55]} Rxe2+
{[%clk 0:00:54]} 38. Kxe2 {[%clk 0:00:49]} Kf7 {[%clk 0:01:02]} 39. Bd2
{[%clk 0:00:57]} Bb2 {[%clk 0:00:53]} 40. Be1 {[%clk 0:00:34]} Bc1
{[%clk 0:00:59]} 41. Bg3 {[%clk 0:00:40]} Ke7 {[%clk 0:01:06]} 42. Be4
{[%clk 0:00:28]} h4 {[%clk 0:00:47]} 43. Bxh4 {[%clk 0:00:32]} Kf7
{[%clk 0:00:47]} 44. Bg5 {[%clk 0:00:17]} Nh7 {[%clk 0:00:35]} 45. Bh6
{[%clk 0:00:19]} Nf6 46. h4 {[%clk 0:00:23]} c4 {[%clk 0:00:29]} 47. bxc4
{[%clk 0:00:18]} b3 {[%clk 0:00:38]} 48. Kd1 {[%clk 0:00:27]} Be3
{[%clk 0:00:47]} 49. Bg5 {[%clk 0:00:26]} Nd7 {[%clk 0:00:54]} 50. f5
{[%clk 0:00:18]} Bxg5 {[%clk 0:01:03]} 51. fxg6+ {[%clk 0:00:27]} Kg7
{[%clk 0:01:11]} 52. hxg5 {[%clk 0:00:36]} Nc5 {[%clk 0:01:21]} 53. Kd2
{[%clk 0:00:31]} Nxa4 {[%clk 0:01:28]} 54. d4 {[%clk 0:00:40]} Kf8
{[%clk 0:00:37]} 55. Bf5 {[%clk 0:00:32]} Nb6 {[%clk 0:00:37]} 56. Kc3
{[%clk 0:00:34]} a4 {[%clk 0:00:39]} 57. Be4 {[%clk 0:00:27]} Ke7
{[%clk 0:00:27]} 58. c5 {[%clk 0:00:25]} Nd7 {[%clk 0:00:35]} 59. Kb4
{[%clk 0:00:20]} dxc5+ {[%clk 0:00:42]} 60. dxc5 {[%clk 0:00:24]} Nxc5
{[%clk 0:00:50]} 61. Kxc5 {[%clk 0:00:29]} a3 {[%clk 0:00:59]} 62. d6+
{[%clk 0:00:37]} 1-0

[Event "RAPID Gran Prix 2016"]
[Site "Khanty-Mansiysk"]
[Date "2016.12.03"]
[Round "13.5"]
[White "Sukhareva, Evgeniya"]
[Black "Rublevsky, Sergei"]
[Result "0-1"]
[LiveChessVersion "1.4.4"]
[BlackElo "2718"]
[WhiteElo "2306"]

1. d4 {[%clk 0:15:19]} d5 {[%clk 0:15:19]} 2. c4 {[%clk 0:15:27]} dxc4
{[%clk 0:15:26]} 3. e3 {[%clk 0:15:35]} Nf6 {[%clk 0:15:29]} 4. Bxc4
{[%clk 0:15:44]} e6 5. Nf3 a6 {[%clk 0:15:45]} 6. a4 {[%clk 0:16:02]} c5
{[%clk 0:15:50]} 7. O-O {[%clk 0:16:11]} Nc6 {[%clk 0:15:58]} 8. Qe2
{[%clk 0:16:09]} Qc7 {[%clk 0:15:26]} 9. Nc3 {[%clk 0:16:01]} Bd6
{[%clk 0:15:27]} 10. Rd1 {[%clk 0:15:56]} O-O {[%clk 0:15:24]} 11. h3
{[%clk 0:15:30]} b6 {[%clk 0:15:07]} 12. Bd2 {[%clk 0:14:19]} Bb7
{[%clk 0:14:46]} 13. Rac1 {[%clk 0:14:26]} Rfe8 {[%clk 0:12:36]} 14. Be1
{[%clk 0:10:20]} Nb4 {[%clk 0:11:07]} 15. Bb3 {[%clk 0:09:51]} Rac8 16. dxc5
{[%clk 0:07:28]} Bxc5 {[%clk 0:09:49]} 17. Na2 {[%clk 0:07:06]} Nxa2
{[%clk 0:09:36]} 18. Bxa2 {[%clk 0:07:14]} Qe7 {[%clk 0:09:32]} 19. Bc4
{[%clk 0:07:13]} a5 {[%clk 0:09:28]} 20. Bc3 {[%clk 0:06:24]} Ne4
{[%clk 0:09:13]} 21. Bd4 {[%clk 0:06:15]} Bxd4 {[%clk 0:08:36]} 22. Nxd4
{[%clk 0:06:13]} Nc5 {[%clk 0:08:45]} 23. Bb5 {[%clk 0:05:46]} Red8
{[%clk 0:08:54]} 24. Nf3 {[%clk 0:04:56]} g6 {[%clk 0:08:28]} 25. Rxd8+
{[%clk 0:04:45]} Rxd8 {[%clk 0:08:20]} 26. Rd1 {[%clk 0:04:51]} Bd5
{[%clk 0:08:27]} 27. Nd4 {[%clk 0:04:02]} Qg5 {[%clk 0:08:32]} 28. f3
{[%clk 0:03:24]} Bb3 {[%clk 0:07:05]} 29. Ra1 {[%clk 0:03:11]} e5
{[%clk 0:07:09]} 30. Nc6 {[%clk 0:03:07]} Rd6 {[%clk 0:06:52]} 31. f4
{[%clk 0:02:11]} exf4 {[%clk 0:05:23]} 32. exf4 {[%clk 0:02:20]} Qxf4
{[%clk 0:05:06]} 33. Qe8+ {[%clk 0:01:51]} Kg7 {[%clk 0:05:15]} 34. Rf1
{[%clk 0:01:01]} Rd1 {[%clk 0:04:00]} 35. Ne7 {[%clk 0:00:35]} Qd4+
{[%clk 0:02:42]} 36. Kh1 {[%clk 0:00:39]} Qd8 {[%clk 0:02:49]} 37. Rxd1
{[%clk 0:00:15]} Qxe8 {[%clk 0:02:57]} 38. Bxe8 {[%clk 0:00:20]} Bxd1
{[%clk 0:03:05]} 39. Bb5 {[%clk 0:00:12]} Bxa4 {[%clk 0:03:11]} 40. Bc4
{[%clk 0:00:13]} Bd7 {[%clk 0:03:01]} 41. Nd5 {[%clk 0:00:15]} b5
{[%clk 0:03:10]} 42. Be2 {[%clk 0:00:22]} b4 {[%clk 0:03:16]} 43. Kg1
{[%clk 0:00:27]} Na4 {[%clk 0:03:07]} 0-1